000
00258nam a2200121Ia 4500
008
190216s9999||||xx |||||||||||||| ||und||
100
_a
Ghoshal Sn
245
0
_a
Atomic Physics
260
_b
S Chand & Co
300
_a
732
650
_a
Physics
942
_c
BK
999
_c
34167
_d
34167